| 000 | 00476nam a2200169Ia 4500 | ||
|---|---|---|---|
| 008 | 191130s1947##################000#0#eng## | ||
| 040 |
_aACL _cACL |
||
| 082 | _a348.4204 BRI | ||
| 245 |
_aThe all England law reports 1947 _cedited by G.F.L. Bridgman |
||
| 260 |
_aLondon _bButterworth & Co _c1947 |
||
| 300 | _a928 p.; 23 cm. | ||
| 650 | _aLaw- Reports | ||
| 700 | _aBridgman, G. F. L | ||
| 990 | _a0d7e0612ac10000c4a80cc5c50814ae0 | ||
| 991 | _a393793 | ||
| 999 |
_c300711 _d300711 |
||